00827 2200313 4500001002100000005001500021035002000036007000300056040001700059100002800076245004700104250001000151300003300161020001800194041000800212082001000220084001600230090002500246264003400271336002100305337003000326338002300356650002000379850001000399008004100409990002100450990002100471990002100492INLIS00000000000936420260421030454 a0010-1122000323ta aSBPUPADbind0 aF. Suryatmo;ePengarang1 aTeknik Listrik Arus Searah /cF. Suryatmo; aCet.7 a179 hlm. :bilus. ;c14,5 cm a979-526-239-40 aind a621.3 a621.3 SUR t a621.3 SUR t L 19 R 5 aJakarta :bBumi Aksara,c2008 2rdacontentateks 2rdamediaatanpa perantara 2rdacarrieravolume 4aTeknik Listrik/ aPUPAD260421 0  a704/Br/KAPD-2011 a703/Br/KAPD-2011 a705/Br/KAPD-2011